| 000 | nam a22 7a 4500 | ||
|---|---|---|---|
| 999 |
_c26790 _d26790 |
||
| 008 | 170206b xxu||||| |||| 00| 0 eng d | ||
| 020 | _a070124035 | ||
| 050 | _aREF QC 21 .C66 1967 | ||
| 100 |
_aCondon, E.U. _d1967 |
||
| 245 |
_aHandbook of physics/ _cE.U Condon, Hugh Odishaw. |
||
| 250 | _a2nd ed. | ||
| 260 |
_aNew york: _bMc Graw hill, _c1967. |
||
| 300 |
_axxix, 354, [77]p.: _bill.; _c26cm. |
||
| 521 | _aIncludes index. | ||
| 650 | _aPhysics. | ||
| 700 | _aOdishaw, Hugh. | ||
| 942 |
_2lcc _cBOOKS _hREF QC 21 .C66 1967 |
||